000 00471nam a2200181Ia 4500
005 20250115020956.0
008 240331s9999 xx 000 0 und d
020 _a0195081943
082 _bDEB
_22186
_a305.3
245 0 _aGender and Conversational Interaction
260 _aNew York
_aOxford
_bOxford University Press
_c1993
300 _axiv, 327 p.,
650 _aGender
650 _aInteraction
650 _aEthnographic
700 _aTannen, D
_eedt
942 _cL
999 _c1573
_d1573